000 00364pab a2200145 454500
008 180718b2015 xxu||||| |||| 00| 0 eng d
100 _aVerma, Santosh
245 _aSubverting the Land Acquisition Act, 2013
260 _c2015
300 _ap.18-20.
362 _a12 Sep
650 _aLand tenure
773 _aEconomic and Political Weekly
909 _a109181
999 _c109176
_d109176